99 điều cần biết: gương thành công những nhà doanh nghiệp Châu Á

Gương thành công của những nhà doanh nghiệp châu á như: Konosuke, Matsushita, Li Ka Shing... Môi trường và nhân tố phát triển, vấn đề tâm huyết trong kinh doanh của các nhà doanh nghiệp, những nét đặc thù trên trường doanh nghiệp châu á...

全面介紹

Đã lưu trong:
書目詳細資料
主要作者: Phạm, Côn Sơn
格式: 圖書
語言:Undetermined
出版: Trẻ 2000
主題:
標簽: 添加標簽
沒有標簽, 成為第一個標記此記錄!
Thư viện lưu trữ: Trung tâm Học liệu Trường Đại học Cần Thơ
LEADER 00914nam a2200193Ia 4500
001 CTU_155889
008 210402s9999 xx 000 0 und d
020 |c 16000 
082 |a 179.9 
082 |b S464 
100 |a Phạm, Côn Sơn 
245 0 |a 99 điều cần biết: gương thành công những nhà doanh nghiệp Châu Á 
245 0 |c Phạm Côn Sơn 
260 |b Trẻ 
260 |c 2000 
520 |a Gương thành công của những nhà doanh nghiệp châu á như: Konosuke, Matsushita, Li Ka Shing... Môi trường và nhân tố phát triển, vấn đề tâm huyết trong kinh doanh của các nhà doanh nghiệp, những nét đặc thù trên trường doanh nghiệp châu á 
650 |a Conduct of life,Patience 
904 |i Trần Trung Ngân 
980 |a Trung tâm Học liệu Trường Đại học Cần Thơ